000 00497nam a2200181Ia 4500
008 090123s9999 xx 000 0 und d
082 _b36720
100 _aभावे अनंत
245 _aलालम लाल
250 _a1
260 _bग्रंथघर प्रकाशन
_c1986
300 _a30
600 _aभावे अनंत
630 _aलालम लाल
700 _aभावे अनंत
730 _aलालम लाल
942 _cBOOK
999 _c74788
_d74788